000 00421nam a2200181Ia 4500
005 20250423101152.0
008 250422s9999 xx 000 0 und d
020 _a0-316-96968-0
050 _aPS 3566 .A822 B43/
100 _aPatterson, James
245 4 _aThe beach house
260 _aBoston
260 _bLittle, Brown and Company
260 _c2002
300 _a358 p
650 _aLiterature
942 _cBK
999 _c35500
_d35500